[Event "Online Olym Div2 E 2021"]
[Site "chess.com INT"]
[Date "2021.09.03"]
[Round "6.5"]
[Board "2"]
[White "Ferrufino, Boris"]
[Black "Arias, Lemnys A."]
[Result "0-1"]
[WhiteTitle "CM"]
[BlackTitle "IM"]
[WhiteElo "2095"]
[BlackElo "2303"]
[WhiteTeam "Bolivia"]
[BlackTeam "El Salvador"]
[WhiteFideId "3300170"]
[BlackFideId "6700284"]
[EventDate "2021.09.02"]
[EventType "team"]

1. d4 d5 2. Nf3 Nf6 3. e3 c5 4. c3 Nc6 5. Bd3 Bg4 6. Nbd2 e6 7. O-O Rc8 8. Qe2
Qb6 9. Re1 Be7 10. Nf1 Ne4 11. Ng3 f5 12. Qd1 O-O 13. Be2 Qc7 14. dxc5 Bxc5 15.
Nd4 Bxe2 16. Qxe2 Qf7 17. f3 Nxg3 18. hxg3 e5 19. Nxc6 bxc6 20. a4 f4 21. b4
fxg3 22. bxc5 Qh5 23. Qd2 Qh2+ 0-1

[Event "Online Olym Div2 E 2021"]
[Site "chess.com INT"]
[Date "2021.09.03"]
[Round "6.5"]
[Board "3"]
[White "Ortez, Andrea"]
[Black "Cordero, Daniela"]
[Result "1-0"]
[WhiteTitle "WIM"]
[BlackTitle "WIM"]
[WhiteElo "1969"]
[BlackElo "2010"]
[WhiteTeam "El Salvador"]
[BlackTeam "Bolivia"]
[WhiteFideId "6702392"]
[BlackFideId "3301630"]
[EventDate "2021.09.02"]
[EventType "team"]

1. e4 e6 2. d4 d5 3. Nd2 a6 4. c3 c5 5. Bd3 cxd4 6. cxd4 dxe4 7. Nxe4 Nf6 8. Nf3
Be7 9. O-O O-O 10. a3 Nbd7 11. Bf4 Nxe4 12. Bxe4 Nf6 13. Bc2 b5 14. Qd3 Bb7 15.
Rfe1 Qd5 16. Bb3 Qh5 17. Ne5 Nd5 18. Bxd5 Bxd5 19. Re3 f5 20. Rh3 Qe8 21. Qg3
Rc8 22. Re1 Rc2 23. Nd3 Qc8 24. Be5 Bf6 25. Nc5 Bxe5 26. Qxe5 Rxb2 27. Rg3 Rf7
28. h4 a5 29. h5 h6 30. Rg6 b4 31. axb4 axb4 32. Nxe6 Bxe6 33. Rxe6 Qc2 34. Rf1
Qe4 35. Qd6 Qa8 36. Rfe1 Rf8 37. Rg6 Qb7 38. Re7 Rb1+ 39. Kh2 1-0

[Event "Online Olym Div2 E 2021"]
[Site "chess.com INT"]
[Date "2021.09.03"]
[Round "6.5"]
[Board "4"]
[White "Monroy G., Nataly A."]
[Black "Zavala Galindo, Alejandra Beatri"]
[Result "0-1"]
[WhiteTitle "WIM"]
[WhiteElo "1957"]
[BlackElo "1740"]
[WhiteTeam "Bolivia"]
[BlackTeam "El Salvador"]
[WhiteFideId "3304019"]
[BlackFideId "6703089"]
[EventDate "2021.09.02"]
[EventType "team"]

1. d4 Nf6 2. Nf3 c5 3. d5 d6 4. c4 g6 5. Nc3 Bg7 6. h3 O-O 7. e4 e6 8. Bd3 exd5
9. cxd5 a6 10. a4 Re8 11. O-O Nbd7 12. Bf4 Ne5 13. Nxe5 dxe5 14. Be3 Qc7 15. a5
Bd7 16. Qd2 c4 17. Bb6 Qc8 18. Bc2 Nh5 19. Na4 Bxh3 20. gxh3 Qxh3 21. Qg5 Bh6
22. Qg4 Qxg4+ 0-1

[Event "Online Olym Div2 E 2021"]
[Site "chess.com INT"]
[Date "2021.09.03"]
[Round "6.5"]
[Board "5"]
[White "Perez Salazar, Armando"]
[Black "Titichoca Daza, Daniel"]
[Result "1/2-1/2"]
[BlackTitle "CM"]
[WhiteElo "1932"]
[BlackElo "2061"]
[WhiteTeam "El Salvador"]
[BlackTeam "Bolivia"]
[WhiteFideId "6705260"]
[BlackFideId "3309550"]
[EventDate "2021.09.02"]
[EventType "team"]

1. c4 b6 2. Nc3 Bb7 3. Nf3 c5 4. g3 Bxf3 5. exf3 Nc6 6. Bg2 g6 7. O-O Bg7 8. Re1
e6 9. d3 Nge7 10. f4 O-O 11. Bd2 Rc8 12. a3 d5 13. Rb1 Qd7 14. cxd5 Nxd5 15.
Nxd5 exd5 16. Bc3 Bd4 17. Qf3 Rcd8 18. g4 Bg7 19. Bh3 Nd4 20. Qg2 Rfe8 21. Kh1
Qd6 22. f5 Qf4 23. Rbd1 Nf3 24. Rxe8+ Rxe8 25. Qg3 Qxg3 26. hxg3 d4 27. Bd2 Re2
28. Bf4 Rxf2 29. Bg2 Ne5 30. Re1 f6 31. g5 Rxf4 32. gxf4 Nxd3 33. Re7 Nxf4 34.
Bf1 fxg5 35. Bc4+ Kf8 36. Rf7+ Kg8 37. Rxa7+ Kf8 38. Rf7+ Kg8 39. f6 Bxf6 40.
Rxf6+ Kg7 41. Rf7+ Kh6 42. Rb7 g4 43. Kh2 Kg5 44. Rxh7 Kf5 45. Re7 d3 46. Kg3 g5
47. Bb3 b5 48. a4 c4 49. Bd1 bxa4 50. Bxa4 Ne2+ 51. Rxe2 dxe2 52. Kf2 Ke4 53.
Kxe2 g3 54. Bc6+ Kd4 55. Kd2 g4 56. Bg2 Kc5 57. Kc3 Kb5 58. Be4 Kc5 59. Bh1 Kb5
60. Bg2 Kc5 61. Bf1 Kd5 62. Bxc4+ Ke4 63. Bf1 Kf3 64. b4 g2 65. Bxg2+ Kxg2 66.
b5 Kf2 67. b6 g3 68. b7 g2 69. b8=Q g1=Q 70. Qb6+ Kg2 71. Qc6+ Kh2 72. Qh6+ Kg2
73. Qg5+ Kh2 74. Qh4+ Kg2 75. Qg4+ Kh2 76. Qh4+ Kg2 77. Qe4+ Kh2 78. Qh4+ 1/2-1/2

[Event "Online Olym Div2 E 2021"]
[Site "chess.com INT"]
[Date "2021.09.03"]
[Round "6.5"]
[Board "6"]
[White "Beltran Salvador, Milka"]
[Black "Barahona, Dalila Yamileth"]
[Result "0-1"]
[WhiteElo "1602"]
[BlackElo "1802"]
[WhiteTeam "Bolivia"]
[BlackTeam "El Salvador"]
[WhiteFideId "3310078"]
[BlackFideId "6705740"]
[EventDate "2021.09.02"]
[EventType "team"]

1. d4 d5 2. c4 e6 3. Nc3 Nf6 4. Bg5 Be7 5. e3 b6 6. Nf3 Bb7 7. Bd3 Nbd7 8. O-O
O-O 9. Re1 Ne4 10. Bxe7 Qxe7 11. Bxe4 dxe4 12. Nd2 f5 13. Nb3 f4 14. exf4 Rxf4
15. Qd2 Raf8 16. Re2 Qg5 17. g3 Qg4 18. d5 Ne5 19. Qc2 Nf3+ 20. Kg2 Ng5 21. Kf1
Qh3+ 22. Ke1 Nf3+ 23. Kd1 Qf1+ 24. Re1 Qxe1# 0-1

[Event "Online Olym Div2 E 2021"]
[Site "chess.com INT"]
[Date "2021.09.04"]
[Round "7.1"]
[Board "1"]
[White "Zambrana, Oswaldo"]
[Black "Arenas, David"]
[Result "1-0"]
[WhiteTitle "GM"]
[BlackTitle "GM"]
[WhiteElo "2438"]
[BlackElo "2455"]
[WhiteTeam "Bolivia"]
[BlackTeam "Colombia"]
[WhiteFideId "3300200"]
[BlackFideId "4403177"]
[EventDate "2021.09.02"]
[EventType "team"]

1. e4 e5 2. Nf3 Nc6 3. Bc4 Nf6 4. d3 Bc5 5. O-O d6 6. c3 a5 7. a4 Bb6 8. Na3 O-O
9. Bb3 Ne7 10. Nc4 Bc5 11. Nh4 Bg4 12. Qe1 Ng6 13. Nxg6 hxg6 14. Be3 Bxe3 15.
Nxe3 Bd7 16. f4 exf4 17. Rxf4 Qe7 18. Qh4 Be6 19. Bxe6 Qxe6 20. Raf1 Nh7 21. Nd5
g5 22. Qf2 gxf4 23. Nxc7 Qe5 24. Nxa8 Rxa8 25. Qxf4 Qxf4 26. Rxf4 g6 27. Kf2 Kf8
28. Ke3 Ke7 29. Kd4 Rc8 30. Rf1 Ng5 31. Rb1 Ne6+ 32. Ke3 Nc5 33. b3 Ne6 34. Kd2
Rh8 35. h3 Rh5 36. b4 Kd7 37. bxa5 Kc7 38. Rb5 Rh8 39. d4 Nf4 40. g3 Nxh3 41. e5
dxe5 42. Rxe5 Kd6 43. Rb5 Kc6 44. c4 Rh5 45. Ke3 Ng5 46. Rb6+ Kc7 47. Rf6 Rh1
48. d5 Rh7 49. c5 Rg7 50. a6 bxa6 51. Rxa6 Rg8 52. Ra7+ Kb8 53. Re7 Rf8 54. c6
Rc8 55. a5 Rc7 56. Rd7 f6 57. Rd6 Re7+ 58. Kd4 Nf3+ 59. Kc5 Rf7 60. Rd8+ Kc7 61.
Rg8 1-0

[Event "Online Olym Div2 E 2021"]
[Site "chess.com INT"]
[Date "2021.09.04"]
[Round "7.1"]
[Board "2"]
[White "Martinez Romero, Martin"]
[Black "Cueto, Jonny"]
[Result "1-0"]
[WhiteTitle "IM"]
[BlackTitle "IM"]
[WhiteElo "2409"]
[BlackElo "2241"]
[WhiteTeam "Colombia"]
[BlackTeam "Bolivia"]
[WhiteFideId "4404025"]
[BlackFideId "3300145"]
[EventDate "2021.09.02"]
[EventType "team"]

1. Nf3 d6 2. d4 Nd7 3. e4 Ngf6 4. Nc3 e5 5. Bc4 Be7 6. g4 g6 7. Rg1 Nb6 8. Bb3
Bxg4 9. dxe5 dxe5 10. Qxd8+ Rxd8 11. Bxf7+ Kxf7 12. Nxe5+ Ke6 13. Nxg4 Nxg4 14.
Rxg4 Bf6 15. Ne2 Nc4 16. c3 Ne5 17. Rg3 Rhe8 18. Rh3 h5 19. Bf4 Nd3+ 20. Kf1
Nxf4 21. Nxf4+ Kf7 22. Re1 Rd2 23. Rf3 c6 24. e5 Rxe5 25. Rxe5 Bxe5 26. Nd3+ Bf6
27. Ke1 Rxd3 28. Rxd3 Ke6 29. Ke2 Be5 30. h3 g5 31. Rd8 h4 32. Kf3 a5 33. Re8+
Kd5 34. Rxe5+ Kxe5 35. Kg4 Kf6 36. f4 gxf4 37. Kxf4 b5 38. Kg4 c5 39. Kxh4 a4
40. a3 Kf5 41. Kg3 Ke4 42. h4 c4 43. h5 1-0

[Event "Online Olym Div2 E 2021"]
[Site "chess.com INT"]
[Date "2021.09.04"]
[Round "7.1"]
[Board "3"]
[White "Cordero, Daniela"]
[Black "Franco Valencia, Angela"]
[Result "1/2-1/2"]
[WhiteTitle "WIM"]
[BlackTitle "WIM"]
[WhiteElo "2010"]
[BlackElo "2089"]
[WhiteTeam "Bolivia"]
[BlackTeam "Colombia"]
[WhiteFideId "3301630"]
[BlackFideId "4403070"]
[EventDate "2021.09.02"]
[EventType "team"]

1. d4 Nf6 2. Nf3 e6 3. e3 b6 4. Bd3 Bb7 5. O-O g6 6. c4 Bg7 7. Nc3 O-O 8. e4 d6
9. h3 c5 10. d5 exd5 11. cxd5 Ba6 12. Re1 Re8 13. Bg5 h6 14. Bh4 g5 15. Bg3 Bxd3
16. Qxd3 Nh5 17. Bh2 a6 18. e5 dxe5 19. Bxe5 Nd7 20. Bxg7 Nxg7 21. Rxe8+ Qxe8
22. Re1 Qd8 23. d6 Qf6 24. Nd5 Qxb2 25. Re7 Rd8 26. Qxa6 Nf6 27. Qb7 Nxd5 28.
Qxd5 Qf6 29. Qb7 Rxd6 30. Rd7 Rxd7 31. Qxd7 Qe6 32. Qd8+ Kh7 33. a3 c4 34. Qc7
b5 35. Ne5 Kg8 36. Qb8+ Qe8 37. Qc7 Ne6 38. Qd6 c3 39. Ng4 Qf8 40. Nf6+ Kh8 41.
Qe5 Qg7 42. Qxc3 Nf8 43. Qc6 Qg6 44. Qc3 Qg7 45. Ne4 Ne6 46. Qc8+ Kh7 47. Qd7
Qa1+ 48. Kh2 Qe5+ 49. Ng3 Kg6 50. Qd3+ f5 51. Qd7 f4 52. Qe8+ Kh7 53. Qf7+ Kh8
54. Qe8+ Kh7 55. Qf7+ Kh8 56. Qe8+ Kh7 1/2-1/2

[Event "Online Olym Div2 E 2021"]
[Site "chess.com INT"]
[Date "2021.09.04"]
[Round "7.1"]
[Board "4"]
[White "Rivera, Ingris"]
[Black "Estrada, Lucia"]
[Result "1-0"]
[WhiteTitle "WIM"]
[BlackTitle "WIM"]
[WhiteElo "2249"]
[BlackElo "1888"]
[WhiteTeam "Colombia"]
[BlackTeam "Bolivia"]
[WhiteFideId "4402472"]
[BlackFideId "3301923"]
[EventDate "2021.09.02"]
[EventType "team"]

1. d4 d5 2. c4 e6 3. Nc3 Nf6 4. cxd5 exd5 5. Bg5 c6 6. e3 Bd6 7. Bd3 Nbd7 8. Qc2
Qa5 9. Ne2 h6 10. Bh4 O-O 11. O-O Re8 12. a3 Qc7 13. Bg3 Nf8 14. Rac1 Qe7 15. b4
Bg4 16. Qb3 Rac8 17. Bxd6 Qxd6 18. Ng3 Be6 19. Qa4 a6 20. Qd1 Bg4 21. Qd2 h5 22.
Bb1 h4 23. Nf5 Bxf5 24. Bxf5 Rcd8 25. h3 g6 26. Bb1 N8h7 27. f4 Nh5 28. Rf3 Ng3
29. Ne2 Ne4 30. Bxe4 Rxe4 31. Nc3 Ree8 32. Qf2 Qf6 33. Rf1 Rd7 34. Nd1 Rde7 35.
Kh1 Re4 36. Nc3 R4e7 37. Nd1 Re4 38. Nc3 R4e7 39. Na4 Nf8 40. Nc5 Kg7 41. Nd3
Ne6 42. Ne5 Kg8 43. Ng4 Qh8 44. g3 hxg3 45. Rxg3 Kg7 46. f5 Ng5 47. f6+ Kf8 48.
fxe7+ Rxe7 49. Ne5 Ne4 50. Nxg6+ Ke8 51. Nxh8 Nxf2+ 52. Rxf2 1-0

[Event "Online Olym Div2 E 2021"]
[Site "chess.com INT"]
[Date "2021.09.04"]
[Round "7.1"]
[Board "5"]
[White "Vera, Pavel"]
[Black "Cardoso Cardoso, Jose Gabriel"]
[Result "1-0"]
[BlackTitle "FM"]
[WhiteElo "2073"]
[BlackElo "2428"]
[WhiteTeam "Bolivia"]
[BlackTeam "Colombia"]
[WhiteFideId "3304779"]
[BlackFideId "4430492"]
[EventDate "2021.09.02"]
[EventType "team"]

1. Nf3 Nf6 2. g3 g6 3. Bg2 Bg7 4. O-O O-O 5. c4 d6 6. Nc3 e5 7. d3 a5 8. Rb1 h6
9. a3 Be6 10. b3 Nbd7 11. e4 c6 12. h3 d5 13. exd5 cxd5 14. Re1 Rc8 15. Nb5 a4
16. cxd5 Nxd5 17. bxa4 Qa5 18. Bb2 Rfd8 19. Nxe5 Nxe5 20. Bxe5 Bxe5 21. Rxe5 Nc3
22. Qe1 Bf5 23. Bxb7 Bxd3 24. Bxc8 1-0

[Event "Online Olym Div2 E 2021"]
[Site "chess.com INT"]
[Date "2021.09.04"]
[Round "7.1"]
[Board "6"]
[White "Caicedo Anguila, Juliana"]
[Black "Aguilar, Irasema"]
[Result "1-0"]
[WhiteElo "1583"]
[BlackElo "1327"]
[WhiteTeam "Colombia"]
[BlackTeam "Bolivia"]
[WhiteFideId "4451740"]
[BlackFideId "3310876"]
[EventDate "2021.09.02"]
[EventType "team"]

1. d4 e6 2. c4 d5 3. Nc3 Nf6 4. cxd5 Nxd5 5. e4 Nxc3 6. bxc3 Be7 7. Nf3 Bd7 8.
Bc4 Nc6 9. O-O Na5 10. Bd3 O-O 11. e5 f6 12. exf6 Bxf6 13. Qc2 h6 14. Re1 Qe7
15. a4 Qd8 16. Ne5 Bxe5 17. Rxe5 Nc6 18. Re3 Ne7 19. Ba3 Rf6 20. Rae1 Nd5 21.
Re5 Nf4 22. Bc4 Qe8 23. Bc1 Qg6 24. Qxg6 Nxg6 25. Bxe6+ Bxe6 26. Rxe6 Rxe6 27.
Rxe6 Kf7 28. Re2 Re8 29. Kf1 Rxe2 30. Kxe2 Ne7 31. Kd3 Ke6 32. Bf4 c6 33. Be5 g6
34. Bf4 g5 35. Be3 Nf5 36. g4 Nh4 37. f4 Kf6 38. f5 Nf3 39. h3 Nh4 40. c4 Ng2
41. Bd2 Nh4 42. Ke4 a6 43. d5 cxd5+ 44. cxd5 Ke7 45. Bb4+ Kd7 46. f6 Ke8 47. d6
Ng6 48. f7+ Kxf7 49. d7 Ke6 50. d8=Q Kf7 51. Kf5 Nh4+ 52. Ke4 Kg7 53. Qf8+ Kh7
54. Bc3 Ng6 55. Qg7# 1-0

[Event "Online Olym Div2 E 2021"]
[Site "chess.com INT"]
[Date "2021.09.04"]
[Round "7.2"]
[Board "1"]
[White "Christie, Joshua"]
[Black "Chavez, Ricardo Ernesto"]
[Result "0-1"]
[WhiteTitle "FM"]
[BlackTitle "FM"]
[WhiteElo "2206"]
[BlackElo "2242"]
[WhiteTeam "Jamaica"]
[BlackTeam "El Salvador"]
[WhiteFideId "7402074"]
[BlackFideId "6700098"]
[EventDate "2021.09.02"]
[EventType "team"]

1. d4 Nf6 2. c4 d6 3. Nc3 Nbd7 4. e4 e5 5. Nge2 Be7 6. g3 c6 7. Bg2 O-O 8. O-O
Re8 9. h3 Qc7 10. Be3 Bf8 11. Qc2 a6 12. a4 a5 13. Rad1 exd4 14. Nxd4 Nc5 15.
Rfe1 Bd7 16. g4 Rad8 17. Nb3 Na6 18. Nd4 Bc8 19. Nf5 Bxf5 20. exf5 d5 21. g5 Nh5
22. cxd5 cxd5 23. Qb3 d4 24. Nb5 Qe5 25. Nxd4 Bb4 26. g6 hxg6 27. fxg6 Rf8 28.
gxf7+ Kh8 29. Nf3 Qf5 30. Nh4 Qf6 31. Rxd8 Rxd8 32. Bd2 Rxd2 33. Re8+ Kh7 34.
Be4+ g6 35. Bxg6+ Kh6 36. Qe3+ Nf4 37. f8=Q+ Bxf8 38. Qxd2 Qxh4 39. Qe3 Qg5+ 40.
Qg3 Nxg6 41. Qxg5+ Kxg5 42. Kf1 Nc5 43. Rc8 Nxa4 44. Rc7 b6 45. Rc2 Bc5 46. Ke2
Bb4 47. Kf3 Nc5 48. Kg3 Ne4+ 49. Kf3 Nf6 50. Kg3 Bd6+ 51. Kf3 Bc5 52. Rc1 Ne5+
53. Ke2 Kf4 54. Rg1 Ne4 55. Rg8 Nxf2 56. h4 Nfg4 57. h5 Ke4 58. Kd2 Nf6 59. Rh8
Neg4 60. Kc2 Kd5 61. h6 Kc4 62. h7 Kb4 63. Rg8 Ne3+ 64. Kb1 Nxh7 65. Ka2 Nf8 66.
Kb1 Nd7 67. Ka2 a4 68. Kb1 Ne5 69. Ka2 Nd3 70. Rh8 Nc4 71. Rh4 Nxb2 72. Rg4 Nd1
73. Rh4 Nc3+ 74. Ka1 b5 75. Rg4 Nd5 76. Rh4 a3 77. Ka2 Bd6 78. Rg4 Be5 79. Rh4
Nc3+ 80. Ka1 a2 81. Rg4 Kb3 82. Rg3 Na3 0-1

[Event "Online Olym Div2 E 2021"]
[Site "chess.com INT"]
[Date "2021.09.04"]
[Round "7.2"]
[Board "2"]
[White "Sura, Kalvin"]
[Black "Lorne, Ras Malaku"]
[Result "0-1"]
[BlackTitle "FM"]
[WhiteElo "1985"]
[BlackElo "2117"]
[WhiteTeam "El Salvador"]
[BlackTeam "Jamaica"]
[WhiteFideId "6702465"]
[BlackFideId "7400330"]
[EventDate "2021.09.02"]
[EventType "team"]

1. e4 d5 2. exd5 Qxd5 3. d4 Nf6 4. c4 Qd8 5. Nc3 g6 6. Nf3 Bg7 7. Be2 O-O 8. O-O
Bf5 9. h3 Na6 10. Be3 c6 11. Qd2 Re8 12. Rfd1 Ne4 13. Nxe4 Bxe4 14. Ng5 Bf5 15.
Bf3 Qc7 16. Ne4 Rad8 17. Ng3 Be6 18. d5 Bc8 19. Qe2 cxd5 20. cxd5 e6 21. Rac1
Qb8 22. dxe6 Rxd1+ 23. Rxd1 Bxe6 24. b3 Nb4 25. Qb5 Nxa2 26. Bxa7 Nc3 27. Bxb8
Nxb5 28. Bf4 Nc3 29. Re1 b5 30. Bc6 Rc8 31. Bf3 Bxb3 32. Be5 Bxe5 33. Rxe5 Be6
34. Nf1 b4 35. Nd2 b3 36. Rxe6 fxe6 37. Nxb3 Kf7 38. Nd4 Rc4 39. Nb3 Rb4 40. Nd2
h6 41. Kh2 Rb2 42. Nc4 Rxf2 43. Ne5+ Kg7 44. Kg3 Ra2 45. h4 Ra5 46. Nc6 Rc5 47.
Nd4 Kf6 48. Bg4 e5 49. Nf3 Ne4+ 50. Kh2 Rc2 51. Bd7 Nc5 52. Bb5 Rb2 53. Bc4 Ne6
54. Bxe6 Kxe6 55. Kg3 e4 56. Ng1 Ke5 57. Nh3 Rb3+ 0-1

[Event "Online Olym Div2 E 2021"]
[Site "chess.com INT"]
[Date "2021.09.04"]
[Round "7.2"]
[Board "3"]
[White "Miller, Rachel"]
[Black "Garcia, Angie"]
[Result "1-0"]
[WhiteTitle "CM"]
[BlackTitle "WFM"]
[WhiteElo "2004"]
[BlackElo "1802"]
[WhiteTeam "Jamaica"]
[BlackTeam "El Salvador"]
[WhiteFideId "7401302"]
[BlackFideId "6702503"]
[EventDate "2021.09.02"]
[EventType "team"]

1. e4 e6 2. d4 d5 3. exd5 exd5 4. Nf3 Bd6 5. c4 c6 6. Nc3 Ne7 7. Bd3 Bg4 8. O-O
Nd7 9. c5 Bc7 10. Re1 O-O 11. Bxh7+ Kxh7 12. Ng5+ Kg8 13. Qxg4 Nf6 14. Qf3 Ng6
15. Bd2 Re8 16. b4 Qd7 17. g3 Nh7 18. Nxh7 Kxh7 19. Kg2 Rxe1 20. Rxe1 Re8 21.
Rxe8 Qxe8 22. Qe2 Qd8 23. Nd1 Qf6 24. Qd3 Kg8 25. Ne3 Qe6 26. Qf5 Qe8 27. Ng4
Qe2 28. Be3 Kh7 29. Qh5+ Kg8 30. Nf6+ gxf6 31. Qxe2 1-0

[Event "Online Olym Div2 E 2021"]
[Site "chess.com INT"]
[Date "2021.09.04"]
[Round "7.2"]
[Board "4"]
[White "Herrera, Marjorie"]
[Black "Clarke, Adani"]
[Result "0-1"]
[WhiteTitle "WCM"]
[BlackTitle "WCM"]
[WhiteElo "1848"]
[BlackElo "1811"]
[WhiteTeam "El Salvador"]
[BlackTeam "Jamaica"]
[WhiteFideId "6704743"]
[BlackFideId "7402082"]
[EventDate "2021.09.02"]
[EventType "team"]

1. e4 e6 2. d4 d5 3. Nc3 Bb4 4. e5 c5 5. a3 Bxc3+ 6. bxc3 Nc6 7. Qg4 Kf8 8. Bd2
Qb6 9. Nf3 Qb2 10. Rc1 Qxa3 11. Bb5 Qa5 12. Bxc6 bxc6 13. O-O Ne7 14. Ra1 Qc7
15. h4 Nf5 16. h5 h6 17. Rfb1 a5 18. Ra3 Ba6 19. Rba1 Bc4 20. Bf4 Ke7 21. Nh4
Nxh4 22. Qxh4+ Kd7 23. Qg4 Rhg8 24. Bd2 Qb6 25. Qf4 Ke7 26. Qh4+ Ke8 27. Qg4 g5
28. hxg6 Rxg6 29. Qh4 Kd7 30. Be3 cxd4 31. cxd4 Bb5 32. Qf4 Ke8 33. Qh4 a4 34.
Bxh6 Kd7 35. Qf4 Ke8 36. Qh4 Qc7 37. Be3 Kd7 38. Qf4 Rf8 39. Rb1 Kc8 40. Rba1
Rfg8 41. g3 Rh8 42. Kg2 Rgh6 43. Qxh6 Rxh6 44. Bxh6 Qe7 45. Rh1 Qxa3 46. Be3 Kd7 0-1

[Event "Online Olym Div2 E 2021"]
[Site "chess.com INT"]
[Date "2021.09.04"]
[Round "7.2"]
[Board "5"]
[White "Glaves, Raheem"]
[Black "Melara, Moises"]
[Result "1-0"]
[WhiteTitle "FM"]
[BlackTitle "FM"]
[WhiteElo "2139"]
[BlackElo "2110"]
[WhiteTeam "Jamaica"]
[BlackTeam "El Salvador"]
[WhiteFideId "7402724"]
[BlackFideId "6703917"]
[EventDate "2021.09.02"]
[EventType "team"]

1. d4 Nf6 2. Nf3 g6 3. Bf4 Bg7 4. h3 O-O 5. e3 c5 6. c3 d6 7. Be2 Nbd7 8. O-O b6
9. Bh2 Bb7 10. a4 a6 11. Nbd2 Re8 12. Qb1 e5 13. Nc4 Ne4 14. Rd1 exd4 15. cxd4
d5 16. Nd6 Nxd6 17. Bxd6 cxd4 18. Nxd4 Nf6 19. Bf4 Ne4 20. Qa2 Qh4 21. g3 Qxh3
22. Qb3 g5 23. Bc7 Bc8 24. Qxd5 Nxf2 25. Kxf2 Qh2+ 26. Qg2 Qxg2+ 27. Kxg2 Bxd4
28. Rxd4 Rxe3 29. Bf3 Bh3+ 30. Kf2 Rae8 31. Rh1 Bf5 32. Rd8 Rxf3+ 33. Kxf3 Be4+
34. Ke3 Rxd8 35. Kxe4 Rd2 36. Be5 Rf2 37. Rd1 f6 38. Bd4 b5 39. Bxf2 1-0

[Event "Online Olym Div2 E 2021"]
[Site "chess.com INT"]
[Date "2021.09.04"]
[Round "7.2"]
[Board "6"]
[White "Vasquez Vasquez, Marielos"]
[Black "Brown, Raehanna"]
[Result "0-1"]
[WhiteTitle "WCM"]
[BlackTitle "WCM"]
[WhiteElo "1498"]
[BlackElo "1594"]
[WhiteTeam "El Salvador"]
[BlackTeam "Jamaica"]
[WhiteFideId "6705723"]
[BlackFideId "7402740"]
[EventDate "2021.09.02"]
[EventType "team"]

1. c4 g6 2. Nc3 Bg7 3. g3 Nf6 4. Bg2 O-O 5. e4 d6 6. Nge2 Nbd7 7. O-O e5 8. d3
Nc5 9. h3 Ne8 10. Be3 Ne6 11. f4 f5 12. Kh2 c6 13. Qd2 Nd4 14. Rad1 Nc7 15. fxe5
dxe5 16. Bh6 f4 17. Bxg7 fxg3+ 18. Nxg3 Rxf1 19. Rxf1 Kxg7 20. Nd1 Nce6 21. Ne2
Nxe2 22. Qxe2 Nf4 23. Qf2 Qxd3 24. Ne3 Qd8 25. Rd1 Qe7 26. c5 Be6 27. a3 Rf8 28.
Qc2 Qh4 29. Qc3 Bxh3 30. Qxe5+ Kh6 31. Rd2 Bxg2+ 32. Kg1 Qh1+ 33. Kf2 Nd3+ 0-1

[Event "Online Olym Div2 E 2021"]
[Site "chess.com INT"]
[Date "2021.09.04"]
[Round "7.3"]
[Board "1"]
[White "Juarez Flores, Carlos A."]
[Black "Duran Vega, Sergio"]
[Result "1-0"]
[WhiteTitle "IM"]
[BlackTitle "IM"]
[WhiteElo "2374"]
[BlackElo "2340"]
[WhiteTeam "Guatemala"]
[BlackTeam "Costa Rica"]
[WhiteFideId "7300018"]
[BlackFideId "6501311"]
[EventDate "2021.09.02"]
[EventType "team"]

1. e4 e5 2. Nf3 Nc6 3. Nc3 Nf6 4. Bb5 Nd4 5. Nxe5 Qe7 6. Nf3 Nxe4 7. O-O Nxc3 8.
dxc3 Ne6 9. Re1 c6 10. Ba4 Qd8 11. Ng5 Be7 12. Qh5 Bxg5 13. Bxg5 Qa5 14. Qh4 O-O
15. Be7 Re8 16. Bd6 g5 17. Qg4 f5 18. Qh5 Qd8 19. Bb3 1-0

[Event "Online Olym Div2 E 2021"]
[Site "chess.com INT"]
[Date "2021.09.04"]
[Round "7.3"]
[Board "2"]
[White "Minero Pineda, Sergio"]
[Black "Giron, David"]
[Result "1-0"]
[WhiteTitle "IM"]
[WhiteElo "2361"]
[BlackElo "2126"]
[WhiteTeam "Costa Rica"]
[BlackTeam "Guatemala"]
[WhiteFideId "6500374"]
[BlackFideId "7300697"]
[EventDate "2021.09.02"]
[EventType "team"]

1. d4 Nf6 2. c4 e6 3. Nf3 Bb4+ 4. Nbd2 b6 5. a3 Bxd2+ 6. Qxd2 Bb7 7. e3 Ne4 8.
Qc2 O-O 9. Be2 d6 10. O-O Nd7 11. b4 c5 12. Bb2 Qe7 13. Nd2 Nxd2 14. Qxd2 Nf6
15. f3 cxd4 16. exd4 Rfe8 17. Bd3 h6 18. Rfe1 a5 19. Bc3 axb4 20. axb4 Rxa1 21.
Rxa1 Ra8 22. Rxa8+ Bxa8 23. Qa2 Bc6 24. Qa6 Qc7 25. b5 Bd7 26. Qa8+ Bc8 27. Bb4
Ne8 28. Qc6 Qxc6 29. bxc6 Kf8 30. Kf2 Ke7 31. Ke3 Kd8 32. d5 Kc7 33. Bc3 Ba6 34.
g4 e5 35. h4 Bc8 36. f4 f6 37. Kf3 Kd8 38. Bd2 Kc7 39. Bg6 Kd8 40. Be3 Ba6 41.
Bxb6+ Nc7 42. c5 Kc8 43. cxd6 1-0

[Event "Online Olym Div2 E 2021"]
[Site "chess.com INT"]
[Date "2021.09.04"]
[Round "7.3"]
[Board "3"]
[White "Mencos, Claudia"]
[Black "Hernandez Alvarez, Tania Regla"]
[Result "1-0"]
[WhiteTitle "WIM"]
[BlackTitle "WIM"]
[WhiteElo "1977"]
[BlackElo "2041"]
[WhiteTeam "Guatemala"]
[BlackTeam "Costa Rica"]
[WhiteFideId "7300573"]
[BlackFideId "3501442"]
[EventDate "2021.09.02"]
[EventType "team"]

1. e4 d6 2. d4 Nf6 3. Nc3 Nbd7 4. Nf3 e5 5. Bc4 Be7 6. a4 c6 7. O-O h6 8. Re1
Qc7 9. b3 O-O 10. Ba3 Nb6 11. Bf1 Bg4 12. dxe5 dxe5 13. Bxe7 Qxe7 14. Qe2 Nbd7
15. Qe3 a5 16. Ne2 Nc5 17. Ng3 Bxf3 18. Qxf3 g6 19. h4 Ne6 20. c3 Rad8 21. Bc4
Nf4 22. Rad1 Kg7 23. Nf1 Nh7 24. g3 Ne6 25. Ne3 Nf6 26. Rxd8 Rxd8 27. Rd1 Rxd1+
28. Nxd1 Nc5 29. Bd3 Nxb3 30. Bc2 Nc5 31. Ne3 Qe6 32. Nf1 Qa2 33. Qe2 Ncxe4 34.
Qd3 Nc5 35. Qe2 Nxa4 36. h5 Nxc3 37. Qd3 Ncd5 38. hxg6 e4 39. Qd2 fxg6 40. Ne3
Qa1+ 41. Kg2 Qe5 42. Nc4 Qh5 43. Bd1 Qg5 44. Qd4 a4 45. Nd6 b5 46. Nxe4 Qf5 47.
Qa7+ Kf8 48. Qb8+ Kf7 49. Nd6+ Ke6 50. Nxf5 gxf5 51. Qc8+ Nd7 52. Qxc6+ Ke5 53.
Qxd7 1-0